[Event "GER-ch U08"]
[Site "Willingen"]
[Date "2024.05.24"]
[Round "5"]
[White "Schmidt, Simon3"]
[Black "Roscher, Simon"]
[Result "0-1"]
[WhiteElo "943"]
[BlackElo "1109"]
[PlyCount "74"]
[EventDate "2024.05.22"]
[EventType "swiss"]
[EventRounds "7"]
[EventCountry "GER"]
[SourceTitle "CBM 220 Extra"]
[Source "ChessBase"]
[SourceDate "2024.07.31"]
[SourceVersion "1"]
[SourceVersionDate "2024.07.31"]
[SourceQuality "1"]

1. e4 c5 2. c3 d5 3. exd5 Qxd5 4. d4 Nc6 5. Nf3 Nf6 6. Be3 e6 7. Nbd2 cxd4 8. Nxd4 Be7 9. c4 Qd8 10. N2b3 0-0 11. Bd3 Bb4+ 12. Bd2 Bxd2+ 13. Qxd2 Nxd4 14. Nxd4 e5 15. Nb3 e4 16. Bc2 Qxd2+ 17. Nxd2 Bf5 18. 0-0 e3 19. Bxf5 exd2 20. Rfd1 Rad8 21. Rab1 g6 22. Bc2 Rfe8 23. b4 Re6 24. c5 Re5 25. Bb3 Re4 26. a3 Red4 27. Rb2 Ne4 28. a4 Nc3 29. b5 Nxd1 30. Bxd1 Rc4 31. b6 Rc1 32. h3 Rxd1+ 33. Kh2 Rh1+ 34. Kxh1 d1Q+ 35. Kh2 Qe1 36. Rc2 Qe5+ 37. Kg1 Rd1# 0-1

[Event "GER-ch U08"]
[Site "Willingen"]
[Date "2024.05.22"]
[Round "1"]
[White "Roscher, Simon"]
[Black "Sriram, Aumkar"]
[Result "1-0"]
[WhiteElo "1109"]
[BlackElo "1610"]
[PlyCount "89"]
[EventDate "2024.05.22"]
[EventType "swiss"]
[EventRounds "7"]
[EventCountry "GER"]
[SourceTitle "CBM 220 Extra"]
[Source "ChessBase"]
[SourceDate "2024.07.31"]
[SourceVersion "1"]
[SourceVersionDate "2024.07.31"]
[SourceQuality "1"]

1. e4 e6 2. d4 d5 3. e5 Bd7 4. Nf3 a6 5. c4 dxc4 6. Bxc4 Bc6 7. Nc3 Nd7 8. 0-0 Nb6 9. Bb3 Ne7 10. Re1 h6 11. Qc2 g5 12. Ne4 Ned5 13. Be3 Be7 14. Nc5 g4 15. Nd2 h5 16. a4 h4 17. a5 Nb4 18. Qc3 N6d5 19. Bxd5 Nxd5 20. Qb3 Rb8 21. Rac1 g3 22. f3 gxh2+ 23. Kxh2 Bg5 24. Nf1 Bf4+ 25. Kh1 Qg5 26. Nxa6 h3 27. g4 Nxe3 28. Nxe3 Bxf3+ 29. Kg1 Bxe3+ 30. Rxe3 Qxg4+ 31. Kf2 Qg2+ 32. Ke1 h2 33. Nxc7+ Kf8 34. Nxe6+ fxe6 35. Rxf3+ Ke7 36. Qb4+ Ke8 37. Qb5+ Kd8 38. Qb6+ Ke8 39. Qxe6+ Kd8 40. Qf6+ Ke8 41. Qxh8+ Kd7 42. Qh7+ Ke6 43. Qf5+ Kd5 44. e6+ Kxd4 45. Rd3# 1-0